عرض عادي
عرض مارك
- لج، كارين
مدخل إسم شخص
001 - رقم الضبط
- حقل الضبط: 35132
003 - معرف رقم الضبط
- حقل الضبط: OSt
005 - تاريخ ووقت أخر عملية
- حقل الضبط: 20130414131916.0
008 - عناصر بيانات ثابتة الطول
- حقل تحكم ثابت الطول: 130414|||a|||||| | ||| d
040 ## - مصدر الفهرسة
- هيئة الفهرسة الأصلية: OSt
- وكالة الكتابة: OSt
100 ## - مدخل -- أسم شخص
- إسم شخص: لج، كارين
670 ## - بيانات المصدر موجوده
- الاستشهاد بالمصدر: Work cat.: (OSt): كيد، وورين 35131, السياسة والسلطة /, 2012
